000 00901nam a22002537a 4500
005 20250502111524.0
008 250502b |||||||| |||| 00| 0 eng d
020 _a978-1-032-88950-4 (hbk)
037 _cTB
040 _aAL
_cAL
041 _2eng
_aeng
084 _aY6:4.2 R4
_qAL
245 _aDisability as diversity in India;
_bTheory, practice and lived experience
260 _aLondon, UK:
_bRoutledge,
_c2024.
300 _axv, 256p.
365 _b1295.00
_cINR
650 _aSociology
650 _aDisability
700 _aLimaye, Sandhya
_eeditor.
_9753722
700 _aJohnstone J., Christopher
_eeditor.
_9753723
700 _aKayama, Misa
_eeditor.
_9753724
942 _2CC
_cTEXL
_hY6:4.2 R4
_n0
999 _c1309918
_d1309918